| 000 | 01165nam a2200313Ia 4500 | ||
|---|---|---|---|
| 001 | Para_1019 | ||
| 003 | CHAP | ||
| 008 | 220125s1995 xx 000 0 und d | ||
| 010 | _a198887 | ||
| 040 | _cCHAP | ||
| 090 | _aPA TESIS 985 | ||
| 100 |
_aHernández Vela, Guillermo _954714 |
||
| 245 |
_aCapacidad depredadora de Hippodamia variegata Goeze (Coleoptera : _b Coccinellidae) en el control de brevicoryne brassicae L. y Diuraphis noxia Mord. (Homoptera : _b Aphididae) en condiciones de laboratorio, Chapingo, México / _c por Gullermo Hernández Vela y María de los Angeles Lopéz Rodríguez |
||
| 260 |
_aChapingo, Méx. : _b El autor |
||
| 300 | _a48 h. | ||
| 502 | _aTesis (Ing. Agr. Esp. en Parasitología Agrícola) -- UACh. Depto. Parasitología | ||
| 650 |
_aColeopteros _925123 |
||
| 650 |
_aControl biológico _9143296 |
||
| 650 |
_aDiuraphis noxia _933006 |
||
| 700 |
_aLopéz Rodríguez, María de los Angeles _968294 |
||
| 710 | _aUACh | ||
| 901 | _aPA TESIS 985 | ||
| 902 | _aA | ||
| 905 | _a0000001995 a 0000000000 00 | ||
| 910 | _a1995 | ||
| 942 | _cPARA | ||
| 942 |
_cPARA _d1 |
||
| 999 |
_c198887 _d198887 |
||